[Event "Modena Province-ch"]
[Site "Ceriano Laghetto"]
[Date "2010.02.??"]
[Round "1"]
[White "Dimo, Maurizio"]
[Black "Ronconi, Fausto"]
[Result "0-1"]
[WhiteElo "1514"]
[BlackElo "1780"]
[PlyCount "80"]
[EventDate "2010.02.02"]
[EventType "swiss"]
[EventRounds "6"]
[EventCountry "ITA"]
[SourceTitle "EXT 2024"]
[Source "ChessBase"]
[SourceDate "2023.10.10"]
[SourceVersion "1"]
[SourceVersionDate "2023.10.10"]
[SourceQuality "1"]

1. e4 e6 2. Nf3 d5 3. e5 c5 4. c3 Nc6 5. d4 Bd7 6. Nbd2 cxd4 7. Nxd4 Nxe5 8. N2f3 Nxf3+ 9. Qxf3 Bc5 10. Bd3 Nf6 11. Bg5 h6 12. Bh4 Be7 13. 0-0 Qb6 14. b4 e5 15. Bxf6 Bxf6 16. Qe2 0-0 17. Nb3 e4 18. Bc2 Bb5 19. Qd1 Bxf1 20. Qxf1 Bxc3 21. Rd1 Rad8 22. h3 e3 23. fxe3 Qxe3+ 24. Kh1 d4 25. Rd3 Qe1 26. Qxe1 Bxe1 27. Nxd4 Bxb4 28. Bb3 Bc5 29. Ne6 fxe6 30. Bxe6+ Kh8 31. Rxd8 Rxd8 32. h4 Rd2 33. g4 Re2 34. Bf7 Bd6 35. g5 Rh2+ 36. Kg1 Rxh4 37. g6 Rg4+ 38. Kf2 Rf4+ 39. Kg2 Rxf7 40. gxf7 g5 0-1

[Event "Modena Province-ch"]
[Site "Ceriano Laghetto"]
[Date "2010.02.??"]
[Round "4"]
[White "Farinella, Piervittorio"]
[Black "Dimo, Maurizio"]
[Result "0-1"]
[WhiteElo "1380"]
[BlackElo "1514"]
[PlyCount "58"]
[EventDate "2010.02.02"]
[EventType "swiss"]
[EventRounds "6"]
[EventCountry "ITA"]
[SourceTitle "EXT 2024"]
[Source "ChessBase"]
[SourceDate "2023.10.10"]
[SourceVersion "1"]
[SourceVersionDate "2023.10.10"]
[SourceQuality "1"]

1. e4 e5 2. Nf3 Nc6 3. Bb5 Nf6 4. 0-0 Bc5 5. Re1 d6 6. c3 0-0 7. d4 exd4 8. cxd4 Bb4 9. Nc3 Bg4 10. Bxc6 bxc6 11. a3 Bxc3 12. bxc3 Rb8 13. Re3 Re8 14. Qa4 Nxe4 15. Qxc6 d5 16. Ne5 Rb6 17. Qa4 Bd7 18. Qc2 Bf5 19. Bd2 Nd6 20. Qc1 Be4 21. Re1 h6 22. Ng4 Qd7 23. h3 Nc4 24. Ne3 Nb2 25. f3 Nd3 26. Qd1 Nxe1 27. Qxe1 Bd3 28. Qg3 Rb7 29. Ng4 Kh8 0-1

[Event "Ceriano Laghetto Inverno op"]
[Site "Ceriano Laghetto"]
[Date "2007.01.30"]
[Round "4"]
[White "Dimo, Maurizio"]
[Black "Santarelli, Sabatino"]
[Result "0-1"]
[WhiteElo "1580"]
[BlackElo "1548"]
[PlyCount "200"]
[EventDate "2007.01.09"]
[EventType "swiss"]
[EventRounds "6"]
[EventCountry "ITA"]
[SourceTitle "EXT 2008"]
[Source "ChessBase"]
[SourceDate "2007.11.25"]
[SourceVersion "1"]
[SourceVersionDate "2007.11.25"]
[SourceQuality "1"]

1. e4 c5 2. Nf3 g6 3. Bc4 Bg7 4. d3 e6 5. 0-0 Ne7 6. Bg5 0-0 7. Qd2 Re8 8. e5 Nbc6 9. Re1 d5 10. Bb5 Qb6 11. c4 d4 12. Bh6 Nf5 13. Bxg7 Kxg7 14. a3 Qd8 15. Qf4 a6 16. Bxc6 bxc6 17. Nbd2 Qe7 18. Ne4 h5 19. Nf6 Rh8 20. Qg5 Ra7 21. Nd2 a5 22. b4 cxb4 23. a4 c5 24. Nb3 Bb7 25. Nxh5+ Rxh5 26. Qxe7 Nxe7 27. Nxc5 Bc6 28. Nb3 Nf5 29. Nd2 Rg5 30. Ne4 Bxe4 31. Rxe4 Rd7 32. h4 Rh5 33. g4 Rxh4 34. gxf5 Rxe4 35. dxe4 d3 36. Rd1 gxf5 37. exf5 exf5 38. f4 b3 39. Kf2 b2 40. Ke3 d2 41. Ke2 Kf8 42. c5 Ke8 43. c6 Rd5 44. c7 Rc5 45. Kxd2 Rxc7 46. Rb1 Rc4 47. Rxb2 Rxa4 48. Ke3 Re4+ 49. Kf3 a4 50. Ra2 Ke7 51. Kg3 f6 52. exf6+ Kxf6 53. Kf3 Ke6 54. Kg3 Kd5 55. Kf3 Rc4 56. Ke3 Kc5 57. Kf3 Rc3+ 58. Ke2 a3 59. Kd2 Kd4 60. Ra1 Rh3 61. Kc2 Kc4 62. Kd2 Rh2+ 63. Ke3 Kb3 64. Kd4 Re2 65. Kd3 Rf2 66. Ke3 Rb2 67. Kd4 a2 68. Ke5 Rb1 69. Rxa2 Kxa2 70. Kxf5 Rb6 71. Kg5 Kb3 72. f5 Kc4 73. f6 Rb8 74. Kg6 Kd5 75. f7 Ke6 76. Kg7 Ke7 77. Kg6 Rf8 78. Kg7 Rxf7+ 79. Kg8 Kf6 80. Kh8 Rf8+ 81. Kh7 Kf7 82. Kh6 Rg8 83. Kh7 Rg1 84. Kh6 Kf6 85. Kh5 Kf5 86. Kh4 Rg5 87. Kh3 Kf4 88. Kh4 Rf5 89. Kh3 Kf3 90. Kh4 Re5 91. Kh3 Re4 92. Kh2 Rg4 93. Kh3 Re4 94. Kh2 Kg4 95. Kg2 Re2+ 96. Kf1 Kf3 97. Kg1 Rf2 98. Kh1 Kg3 99. Kg1 Rf3 100. Kh1 Rf1# 0-1